| 000 | 01341nam a22003017a 4500 | ||
|---|---|---|---|
| 003 | OSt | ||
| 005 | 20221003062329.0 | ||
| 008 | 170401b xxu||||| |||| 00| 0 eng d | ||
| 022 | _a01955616 | ||
| 040 |
_aMMU _beng. _cMMU _dMMU |
||
| 070 | 0 | _aSF601 .V523 2005 | |
| 245 | 0 | 4 |
_aThe Veterinary clinics of North America vol. 35, no. 5: _psmall animal practice:general orthopedics/ _cedited by Walter C. Renberg. |
| 260 |
_aPhiladelphia, _bSaunders, _c2005. |
||
| 300 | _axii,171p.; | ||
| 500 | _aIncludes index. | ||
| 510 | 2 |
_aChemical abstracts _x0009-2258 _b1979-1983 |
|
| 580 | _aSplit into: Veterinary clinics of North America. Equine practice; and: Veterinary clinics of North America. Food animal practice. | ||
| 650 | 0 |
_aVeterinary medicine _vPeriodicals. |
|
| 650 | 2 | _aVeterinary Medicine. | |
| 650 | 7 |
_aVeterinary medicine. _2fast _0(OCoLC)fst01165977 |
|
| 655 | 2 | _aPeriodicals. | |
| 655 | 7 |
_aPeriodicals. _2fast _0(OCoLC)fst01411641 |
|
| 776 | 0 | 8 |
_iOnline version: _tVeterinary clinics of North America: Large animal practice _w(OCoLC)707203126 |
| 780 | 0 | 3 |
_tVeterinary clinics of North America _x0091-0279 |
| 785 | 1 | 6 |
_tVeterinary clinics of North America. Equine practice _x0749-0739 _w(OCoLC)11078671 |
| 785 | 1 | 6 |
_tVeterinary clinics of North America. Food animal practice _x0749-0720 _w(OCoLC)11078622 |
| 942 |
_2lcc _cLOAN LOAN |
||
| 999 |
_c26693 _d26693 |
||